United kingdom (Record no. 38286)
[ view plain ]
| 000 -LEADER | |
|---|---|
| fixed length control field | 00405nam a2200157Ia 4500 |
| 022 ## - INTERNATIONAL STANDARD SERIAL NUMBER | |
| ISSN | HF 1359 .I58/ |
| 050 ## - CALL MARK | |
| Classification number | Intelligence and insight: economia |
| 245 #0 - TITLE STATEMENT | |
| Title | United kingdom |
| 260 ## - PUBLICATION, DISTRIBUTION, ETC. (IMPRINT) | |
| Place of publication | Academy of Management |
| 260 ## - PUBLICATION, DISTRIBUTION, ETC. (IMPRINT) | |
| Name of publisher | 2016 |
| 260 ## - PUBLICATION, DISTRIBUTION, ETC. (IMPRINT) | |
| Year of publication | 98 p. :ill. ; 30 cm. |
| 300 ## - PHYSICAL DESCRIPTION | |
| Number of Pages | International finance. |
| 650 ## - SUBJECT ADDED ENTRY--TOPICAL TERM | |
| Topical Term | SR |
No items available.